000 00337nam a22001457a 4500
008 221206b ||||| |||| 00| 0 eng d
020 _a9781285462820
041 _aeng
080 _211TH EDITION
_a311
082 _a311BRA
100 _a25.2
101 _aSTATIS
245 _aUNDERSTANDABLE STATISTICS
_cBRASE.H.CH
942 _2udc
_cBK
999 _c59105
_d59105